000 00770cam a22002292a 4500
001 005549
003 AR-FADEU
008 311216n1995####xxu####################dd
020 _a84-88986-26-2
092 _a362.4
_bE92
110 _aGrupo de Investigación en Medicina Psicosocial Universidad de Cádiz
245 _aEVALUACION psicosocial del retraso mental : conceptos, metodología e instrumentos
260 _aMadrid
260 _bINSERSO
260 _bMinisterio de Asuntos Sociales
260 _c1995
300 _a245 p. graf., tablas
440 _aRehabilitación
_n48
500 _aIncluye bibliografía
650 _aMINUSVALIA-EVALUACION PSICOSOCIAL; DISCAPACIDAD-EVALUACION PSICOSOCIAL; RETRASO MENTAL-EVALUACION PSICOSOCIAL
942 _cBDGR
999 _c11371
_d11371